00301nam a22001097a 4500008004100000020001800041082001100059100002400070245003700094260005200131300000800183260530b |||||||| |||| 00| 0 eng d a9789381275214 a001914 aPrahlada Acharya, D aPrabhakara Vijaya of Nandisvara  aBangalorebPoorna Prajna Samshodhan Trustc2013 a90p